Κατάλογος Βιβλιοθηκών Mediterranean College

The Wiley-Blackwell Handbook of Childhood Cognitive Development / Second Edition (Record no. 3096)

MARC details
000 -LEADER
fixed length control field 01334cam a22002054a 4500
005 - ΗΜΕΡΟΜΗΝΙΑ ΚΑΙ ΩΡΑ ΤΕΛΕΥΤΑΙΑΣ ΕΝΗΜΕΡΩΣΗΣ
Πεδίο ελέγχου 20250605164105.0
008 - FIXED-LENGTH DATA ELEMENTS--GENERAL INFORMATION
Πεδίο ελέγχου σταθερού μήκους 250528s ||||||||||||||||||||||||d
035 ## - SYSTEM CONTROL NUMBER
System control number 17694
020 ## - ISBN
ISBN 9781118586662
040 ## - ΠΗΓΗ ΚΑΤΑΛΟΓΟΓΡΑΦΗΣΗΣ
Φορέας πρωτότυπης καταλογογράφησης MC Athens Campus Library
Γλώσσα καταλογογράφησης Ελληνικά, Μοντέρνα (1453-)
Modifying agency MC Athens Campus Library
Κανόνες περιγραφικής καταλογογράφησης AACR2
245 1# - ΤΙΤΛΟΣ ΚΑΙ ΔΗΛΩΣΗ ΥΠΕΥΘΥΝΟΤΗΤΑΣ
Τίτλος The Wiley-Blackwell Handbook of Childhood Cognitive Development / Second Edition
250 ## - EDITION STATEMENT
Edition statement 2nd
260 ## - PUBLICATION, DISTRIBUTION, ETC.
Name of publisher, distributor, etc. Wiley Blackwell,
Date of publication, distribution, etc. 2014
300 ## - PHYSICAL DESCRIPTION
Extent 802
520 ## - SUMMARY, ETC.
Summary, etc. An invaluable resource on the latest research and theories that shape our understanding of the crucial cognitive development of a child, from infancy to the onset of adolescence. Acknowledgements, Introduction, Infancy: The Origins of Cognitive Development, Social Cognition and Social Motivations in Infancy, Born to Categorize, Early Memory Development, Cognitive Development in Early Childhood, Language Development, Developing a Theory of Mind, Pretend Play and Cognitive Development, Topics in Cognitive Development in Childhood, Casual Reasoning and Explanation, The Development of Moral Reasoning, Children's Intuitive Physics, Reading Development and Dyslexia, Theories of Cognitive Development, Piaget's Theory: Past and Present and Future, Vygotsky and Psychology, Neuro Constructivism, Index.
700 1# - ΠΡΟΣΘΕΤΗ ΑΝΑΓΡΑΦΗ--ΦΥΣΙΚΟ ΠΡΟΣΩΠΟ
Personal name Goswami Usha
9 (RLIN) 2804
942 ## - ADDED ENTRY ELEMENTS (KOHA)
Koha item type Books
Holdings
Τύπος τεκμηρίου Βιβλιοθήκη Τρέχουσα τοποθεσία Barcode Αριθμός εισαγωγής Ημερομηνία απόκτησης Ταξιθετικό σύμβολο Αριθμός αντιτύπου Κατάσταση απόσυρσης Κατάσταση χαμένου Κατάσταση κατεστραμμένου Μη δανεισμός Σύνολο δανεισμών Ημερομηνία τελευταίας εμφάνισης Η τιμή ισχύει από
Books MC Athens Campus Library MC Athens Campus Library 9780000030955 6058 05/06/2025 155.4/13 GOS 1           05/06/2025 05/06/2025

MC Athens Campus Library
Πατησίων 94 & Κοδριγκτώνος 13, 104 34
Πελλήνης 8 & Πατησίων 107, 112 51
Τ: +30 210 8899600

MC Thessaloniki Campus Library
Ίωνος Δραγούμη 21, 54625 | Ίωνος Δραγούμη 15, 54625
Τ: +30 2310 287779 – Τ: +30 2314 440300